[Event "1st 4NCL Easter Congress"]
[Site "Stevenage"]
[Date "2019.04.20"]
[Round "3"]
[Board "4"]
[White "Duffell, Andrew"]
[Black "Robinson, Brian"]
[Result "0-1"]
[WhiteElo "1424"]
[BlackElo "1569"]
[PlyCount "82"]
[EventDate "2019.04.19"]
[EventRounds "7"]
[EventCountry "ENG"]

1. d4 Nf6 2. c4 e6 3. Nc3 d5 4. cxd5 exd5 5. Bg5 c6 6. Qc2 Be7 7. e3 h6 8. Bh4
O-O 9. Bd3 Nbd7 10. Nge2 Re8 11. f3 c5 12. dxc5 Nxc5 13. O-O Nxd3 14. Qxd3 Be6
15. Rfd1 Rc8 16. Rac1 Qb6 17. Be1 Red8 18. Na4 Qd6 19. Nd4 Bd7 20. Nf5 Qe5 21.
Nxe7+ Qxe7 22. Nc3 Be6 23. Ne2 Nd7 24. Bc3 Ne5 25. Qd4 f6 26. Bb4 Qe8 27. b3 a6
28. Ng3 Qg6 29. Ne2 Nxf3+ 30. Kf2 Nxd4 31. Nxd4 Qe4 32. Bd2 Bd7 33. Ne2 Rxc1
34. Rxc1 Rc8 35. Rd1 Qd3 36. Nf4 Qc2 37. Ke1 Qxa2 38. Nxd5 Kf7 39. Nc3 Qa3 40.
Ne4 Qe7 41. Rb1 Qxe4  0-1

[Event "1st 4NCL Easter Congress"]
[Site "Stevenage"]
[Date "2019.04.20"]
[Round "3"]
[Board "5"]
[White "Pride, Stephen C"]
[Black "Usharovsky, Tom"]
[Result "1/2-1/2"]
[WhiteElo "1610"]
[BlackElo "1486"]
[PlyCount "32"]
[EventDate "2019.04.19"]
[EventRounds "7"]
[EventCountry "ENG"]

1. Nc3 e5 2. Nf3 Nc6 3. d4 exd4 4. Nxd4 Bc5 5. Ndb5 a6 6. Na3 b5 7. Ne4 Bb6 8.
Bg5 f6 9. Bh4 Nge7 10. e3 Bb7 11. Bd3 O-O 12. O-O Ne5 13. Nd2 Nxd3 14. cxd3 Nf5
15. Bg3 Nxg3 16. hxg3 Qe8  1/2-1/2

[Event "1st 4NCL Easter Congress"]
[Site "Stevenage"]
[Date "2019.04.20"]
[Round "3"]
[Board "6"]
[White "Webster, Vivien"]
[Black "Neil, Graham"]
[Result "0-1"]
[WhiteElo "1724"]
[BlackElo "1540"]
[PlyCount "116"]
[EventDate "2019.04.19"]
[EventRounds "7"]
[EventCountry "ENG"]

1. d4 g6 2. c4 Nf6 3. Nc3 Bg7 4. e4 d6 5. Bd3 O-O 6. Nge2 Nc6 7. O-O Nd7 8. Be3
e5 9. d5 Ne7 10. Qc2 b6 11. b4 f5 12. exf5 Nxf5 13. Bxf5 Rxf5 14. Ng3 Rf8 15.
Nce4 Nf6 16. Nxf6+ Bxf6 17. Rad1 Bg5 18. Qd2 Bxe3 19. Qxe3 a5 20. b5 Bf5 21. f4
Bg4 22. Rd2 exf4 23. Rxf4 Qd7 24. Rxf8+ Rxf8 25. h3 Bf5 26. h4 Qg7 27. Nxf5
Rxf5 28. Qe6+ Qf7 29. Qxf7+ Kxf7 30. Rf2 Rxf2 31. Kxf2 Kf6 32. Kf3 Kf5 33. g4+
Ke5 34. Ke3 h6 35. a4 h5 36. gxh5 gxh5 37. Kf3 Kf5 38. Kg3 Ke4 39. Kg2 Kf4 40.
Kf2 Kg4 41. Ke3 Kxh4 42. Kf4 Kh3 43. Kf5 Kg3 44. Ke6 h4 45. Kd7 h3 46. Kxc7 h2
47. Kxb6 h1=Q 48. Kxa5 Qe1+ 49. Kb6 Qb4 50. Kc7 Qc5+ 51. Kd7 Kf4 52. Ke6 Ke4
53. a5 Kd4 54. b6 Qxa5 55. Kxd6 Qxb6+ 56. Ke7 Qc7+ 57. Ke6 Kxc4 58. d6 Qd8  0-1

[Event "1st 4NCL Easter Congress"]
[Site "Stevenage"]
[Date "2019.04.20"]
[Round "3"]
[Board "7"]
[White "Ribbands, Patrick C"]
[Black "Willow, Hambel M"]
[Result "1/2-1/2"]
[WhiteElo "1683"]
[BlackElo "1531"]
[PlyCount "45"]
[EventDate "2019.04.19"]
[EventRounds "7"]
[EventCountry "ENG"]

1. c4 e5 2. Nc3 Nf6 3. g3 Nc6 4. Bg2 Be7 5. e3 O-O 6. Nge2 d6 7. O-O Bf5 8. d3
Qd7 9. b3 Rad8 10. Bb2 Bh3 11. Qd2 d5 12. cxd5 Bxg2 13. Kxg2 Nxd5 14. Rfd1 Ncb4
15. d4 exd4 16. Nxd4 c5 17. Nf3 Qc6 18. Qe2 Bf6 19. Nxd5 Nxd5 20. Bxf6 Qxf6 21.
Qc2 b6 22. Rac1 Nb4 23. Qe2  1/2-1/2

[Event "1st 4NCL Easter Congress"]
[Site "Stevenage"]
[Date "2019.04.20"]
[Round "3"]
[Board "8"]
[White "Fisher, Neal"]
[Black "Sloan, Cecil"]
[Result "0-1"]
[WhiteElo "1473"]
[BlackElo "1654"]
[PlyCount "136"]
[EventDate "2019.04.19"]
[EventRounds "7"]
[EventCountry "ENG"]

1. d4 Nf6 2. Nc3 d5 3. Bf4 c6 4. e3 Bf5 5. f3 e6 6. a3 Bd6 7. Bg3 Qc7 8. Bxd6
Qxd6 9. Bd3 Bxd3 10. Qxd3 e5 11. Nge2 Nbd7 12. Ng3 g6 13. O-O-O O-O-O 14. Na4
Kb8 15. Qb3 exd4 16. exd4 Rhe8 17. Kb1 Re7 18. c4 Rde8 19. c5 Qc7 20. Nc3 h5
21. Qc2 h4 22. Nge2 Nh5 23. Qd2 Re3 24. Rde1 Nf4 25. Nxf4 Rxe1+ 26. Rxe1 Rxe1+
27. Qxe1 Qxf4 28. Qe7 Kc7 29. g3 hxg3 30. hxg3 Qf5+ 31. Ka2 Qe6 32. Qg5 Qf6 33.
Qg4 Qe6 34. Qf4+ Kc8 35. g4 Nxc5 36. Qh6 Nd7 37. Qh8+ Kc7 38. Qa8 a6 39. Qg8
Qf6 40. Qe8 Qxf3 41. a4 Qxg4 42. Qxf7 Qf5 43. Qe7 Qf6 44. Qe3 g5 45. a5 Qf4 46.
Qd3 g4 47. Ne2 Qe4 48. Qg3+ Kc8 49. Qf2 Qf3 50. Qe1 Qd3 51. Qf1 g3 52. Qg2 Qd2
53. Qf3 Qxa5+ 54. Kb3 Qd2 55. Nxg3 Qxd4 56. Nf5 Qc4+ 57. Ka3 Qc5+ 58. Ka2 Qa5+
59. Kb1 Qe1+ 60. Ka2 Qe5 61. Qg4 Kc7 62. Nd4 Kb6 63. Nb3 Qd6 64. Qh4 Ne5 65.
Qd4+ c5 66. Nxc5 Qxc5 67. Qxe5 Qc4+ 68. Kb1 Qe4+  0-1

[Event "1st 4NCL Easter Congress"]
[Site "Stevenage"]
[Date "2019.04.20"]
[Round "3"]
[Board "9"]
[White "Ashworth, Steven M"]
[Black "Lambton, David"]
[Result "0-1"]
[WhiteElo "1420"]
[BlackElo "1645"]
[PlyCount "128"]
[EventDate "2019.04.19"]
[EventRounds "7"]
[EventCountry "ENG"]

1. e4 c6 2. Bc4 d5 3. Bb3 dxe4 4. Qh5 e6 5. Nc3 Nf6 6. Qh4 Be7 7. Nxe4 O-O 8.
Nf3 Nxe4 9. Qxe4 Nd7 10. d4 c5 11. Be3 Nf6 12. Qd3 cxd4 13. Bxd4 Bd7 14. Ng5
Qa5+ 15. Qd2 Qxd2+ 16. Kxd2 Bc6 17. f3 Rad8 18. Ke3 b6 19. Ne4 Nd5+ 20. Kf2 Nb4
21. Rad1 Bd5 22. c4 Bxe4 23. fxe4 Nc6 24. Be3 Bf6 25. Ba4 Nb4 26. c5 bxc5 27.
Bxc5 Nd3+ 28. Rxd3 Rxd3 29. Bxf8 Kxf8 30. Rd1 Rxd1 31. Bxd1 Bxb2 32. Ba4 Ke7
33. Ke3 f5 34. Bb5 Kf6 35. a4 g5 36. h3 Ke5 37. g4 fxe4 38. Bc6 Bd4+ 39. Ke2
Kf4 40. a5 h6 41. a6 Kg3 42. Bxe4 Kxh3 43. Kd3 e5 44. Bf5 Kh4 45. Ke4 h5 46.
gxh5 Kxh5 47. Kf3 Kh4 48. Be6 Bb2 49. Bf5 Bc1 50. Ke4 g4 51. Kxe5 g3 52. Be4
Kh3 53. Kd4 g2 54. Bxg2+ Kxg2 55. Ke4 Kg3 56. Kf5 Kf3 57. Ke5 Ke3 58. Kd5 Kd3
59. Kc5 Ke4 60. Kc4 Be3 61. Kb4 Kd5 62. Kb5 Bb6 63. Kb4 Kc6 64. Ka4 Kc5  0-1

[Event "1st 4NCL Easter Congress"]
[Site "Stevenage"]
[Date "2019.04.20"]
[Round "3"]
[Board "10"]
[White "Homer, Neil S"]
[Black "Ratnesan, Radha"]
[Result "1/2-1/2"]
[WhiteElo "1692"]
[BlackElo "1418"]
[PlyCount "80"]
[EventDate "2019.04.19"]
[EventRounds "7"]
[EventCountry "ENG"]

1. Nf3 Nf6 2. c4 e6 3. Nc3 b6 4. g3 Bb7 5. Bg2 Be7 6. d4 d5 7. cxd5 exd5 8. O-O
O-O 9. Bg5 Nbd7 10. Rc1 h6 11. Bxf6 Nxf6 12. Ne5 a6 13. e3 Qd6 14. a3 Nd7 15.
Nxd7 Qxd7 16. Qb3 Rfd8 17. Ne2 b5 18. Nf4 Bg5 19. Nd3 Be7 20. Rc3 Rac8 21. Rfc1
c6 22. Nc5 Bxc5 23. Rxc5 Qe6 24. R1c3 a5 25. Qd1 Qg6 26. Qc1 Qe6 27. Qf1 Qg6
28. Bh3 Ra8 29. Qc1 Qh5 30. Bg2 Qg6 31. Qd1 Qe6 32. Qh5 Qf6 33. Qd1 Qg6 34. Bf1
Qf6 35. Bd3 Qe6 36. Qh5 Qf6 37. Kg2 Rd6 38. Qf5 Qxf5 39. Bxf5 g6 40. Bd3 Re8
 1/2-1/2

[Event "1st 4NCL Easter Congress"]
[Site "Stevenage"]
[Date "2019.04.20"]
[Round "3"]
[Board "11"]
[White "Volovich, Andrew"]
[Black "Illingworth, John B"]
[Result "0-1"]
[WhiteElo "1373"]
[BlackElo "1621"]
[PlyCount "114"]
[EventDate "2019.04.19"]
[EventRounds "7"]
[EventCountry "ENG"]

1. d4 Nf6 2. c4 e6 3. Nf3 Bb4+ 4. Nc3 b6 5. e4 Nxe4 6. Qc2 Bxc3+ 7. bxc3 f5 8.
Bd3 Bb7 9. O-O O-O 10. Nd2 Nd6 11. Nf3 Bxf3 12. gxf3 Nc6 13. Bf4 Qh4 14. Bg3
Qh5 15. f4 g5 16. Qe2 g4 17. h4 Qh6 18. Rae1 Rae8 19. a4 Rf6 20. c5 bxc5 21.
dxc5 Nf7 22. Bxf5 Rxf5 23. Qxg4+ Qg6 24. Qxg6+ hxg6 25. Re3 Rxc5 26. Rb1 Rb8
27. Rd1 Rd5 28. Rxd5 exd5 29. Rd3 Ne7 30. Re3 Nf5 31. Rd3 Nxg3 32. Rxg3 Kg7 33.
h5 Rb6 34. f5 g5 35. f4 Kh6 36. fxg5+ Nxg5 37. Kf2 Ne4+ 38. Kf3 Nxg3 39. Kxg3
Kg5 40. a5 Rf6 41. Kf3 Rxf5+ 42. Ke3 c5 43. Kd2 Kxh5 44. Kc2 c4 45. Kb2 Kg4 46.
Ka3 d4 47. cxd4 d5 48. Kb4 Rf3 49. Kc5 c3 50. Kxd5 c2 51. Ke5 c1=Q 52. d5 Qc3+
53. Kd6 Rf6+ 54. Kd7 Qc5 55. a6 Qd6+ 56. Kc8 Qe7 57. d6 Rf8#  0-1

[Event "1st 4NCL Easter Congress"]
[Site "Stevenage"]
[Date "2019.04.20"]
[Round "3"]
[Board "12"]
[White "Pettit, Felicity Ol"]
[Black "Jones, Zebedee"]
[Result "1/2-1/2"]
[WhiteElo "1273"]
[BlackElo "1412"]
[PlyCount "86"]
[EventDate "2019.04.19"]
[EventRounds "7"]
[EventCountry "ENG"]

1. c4 Nf6 2. g3 e6 3. Bg2 d5 4. d4 Be7 5. e3 O-O 6. Ne2 c5 7. cxd5 exd5 8. dxc5
Bxc5 9. Nbc3 Be6 10. a3 a5 11. Nf4 Nc6 12. Ncxd5 Bxd5 13. Nxd5 Nxd5 14. Qxd5
Qb6 15. O-O Rad8 16. Qc4 Ne5 17. Qc2 Be7 18. Bd2 Bf6 19. Bc3 Rc8 20. Qe4 Nc4
21. Qxb7 Bxc3 22. bxc3 Qxb7 23. Bxb7 Rc7 24. Bg2 Nd2 25. Rfd1 Nb3 26. Rab1 Rxc3
27. Rd5 a4 28. Rbd1 g6 29. h4 Rfc8 30. Rd8+ Kg7 31. Rxc8 Rxc8 32. Rd4 Rc1+ 33.
Kh2 Nc5 34. Bd5 Rc3 35. Rc4 Rxc4 36. Bxc4 f5 37. Kg2 Kf6 38. f4 h6 39. Kf3 h5
40. Bb5 Ke7 41. Bc6 Ke6 42. Bb5 Ke7 43. Bc6 Ke6  1/2-1/2

[Event "1st 4NCL Easter Congress"]
[Site "Stevenage"]
[Date "2019.04.20"]
[Round "3"]
[Board "13"]
[White "Sagar, Aneesh"]
[Black "Zhu, Feng"]
[Result "0-1"]
[WhiteElo "1195"]
[BlackElo "1433"]
[PlyCount "88"]
[EventDate "2019.04.19"]
[EventRounds "7"]
[EventCountry "ENG"]

1. e4 c5 2. Nf3 g6 3. c3 d5 4. e5 Bg7 5. d4 cxd4 6. cxd4 e6 7. g3 Ne7 8. Bg2
Nbc6 9. O-O O-O 10. Re1 Bd7 11. Nbd2 Qb6 12. Nb3 Rac8 13. Nc5 Be8 14. b3 Nxd4
15. Nxd4 Qxc5 16. Bb2 Bd7 17. Nf3 Qc2 18. Qc1 Qd3 19. Qg5 Nc6 20. Rad1 Qa6 21.
a3 Qb6 22. b4 a5 23. Rb1 axb4 24. axb4 Qd8 25. Qxd8 Rfxd8 26. b5 Nb4 27. Bc1
Nd3 28. Rd1 Nxc1 29. Rdxc1 Rxc1+ 30. Rxc1 Bxb5 31. Re1 Rc8 32. Nd4 Ba6 33. f4
Bf8 34. Kf2 Bc5 35. Rd1 Bxd4+ 36. Rxd4 Rc2+ 37. Kf3 Bc4 38. Bh3 b5 39. Ke3 Rxh2
40. Bg4 Rg2 41. Kf3 Ra2 42. Bh3 b4 43. Bf1 Bxf1 44. Rxb4 Ra3+  0-1

[Event "1st 4NCL Easter Congress"]
[Site "Stevenage"]
[Date "2019.04.21"]
[Round "4"]
[Board "1"]
[White "Tomlinson, Zak"]
[Black "Dunkley, Michael"]
[Result "1-0"]
[WhiteElo "1660"]
[BlackElo "1777"]
[PlyCount "87"]
[EventDate "2019.04.19"]
[EventRounds "7"]
[EventCountry "ENG"]

1. e4 e6 2. Nf3 d5 3. exd5 exd5 4. d4 Nc6 5. Bb5 Bd6 6. Nc3 Nge7 7. Bg5 f6 8.
Bh4 O-O 9. a3 Bf5 10. Bd3 Bg4 11. Be2 a6 12. h3 Be6 13. g4 Ng6 14. Bg3 Bxg3 15.
fxg3 Qd6 16. Kf2 Rae8 17. Qd2 Re7 18. Kg2 Rfe8 19. Rae1 Nd8 20. Bd3 Bf7 21. Re2
Rxe2+ 22. Nxe2 Qe7 23. Re1 Qe3 24. Qa5 Qe7 25. Bxg6 hxg6 26. Nf4 Qd7 27. Rxe8+
Qxe8 28. Qxc7 g5 29. Nd3 Qe2+ 30. Nf2 Qe8 31. c3 Bg6 32. Qd6 Be4 33. Nxe4 dxe4
34. Qd5+ Kh8 35. Nd2 e3 36. Qe4 Qb5 37. Qxe3 Qxb2 38. Kf3 Nc6 39. Nc4 Qh2 40.
Nd6 Qxh3 41. Nf7+ Kh7 42. Qe4+ g6 43. Kf2 f5 44. Nxg5+  1-0

[Event "1st 4NCL Easter Congress"]
[Site "Stevenage"]
[Date "2019.04.21"]
[Round "4"]
[Board "2"]
[White "Usharovsky, Ron"]
[Black "Bishop, Geoffrey L"]
[Result "1-0"]
[WhiteElo "1609"]
[BlackElo "1740"]
[PlyCount "79"]
[EventDate "2019.04.19"]
[EventRounds "7"]
[EventCountry "ENG"]

1. e4 c5 2. c3 Nf6 3. e5 Nd5 4. d4 cxd4 5. cxd4 d6 6. exd6 Qxd6 7. Nf3 Nc6 8.
Nc3 Bf5 9. Bd3 Bg4 10. Bc4 e6 11. Bxd5 exd5 12. Be3 Be7 13. O-O O-O 14. a3 Bf6
15. h3 Bxf3 16. Qxf3 Rfd8 17. Rfd1 Na5 18. Qe2 Nc4 19. Rac1 Rac8 20. Ne4 dxe4
21. Rxc4 Qd5 22. Rdc1 Qb5 23. b4 Rc6 24. Qc2 Rdc8 25. Rxc6 Rxc6 26. Qxe4 Rxc1+
27. Bxc1 g6 28. Bf4 Qa4 29. Qxb7 Qd1+ 30. Kh2 Qxd4 31. Be3 Be5+ 32. g3 Qa1 33.
Qxa7 h5 34. h4 Kg7 35. b5 Bc3 36. b6 Be5 37. b7 Qb2 38. Qb6 Qxb6 39. Bxb6 Kf6
40. Bd4  1-0

[Event "1st 4NCL Easter Congress"]
[Site "Stevenage"]
[Date "2019.04.21"]
[Round "4"]
[Board "3"]
[White "Sloan, Cecil"]
[Black "Neil, Graham"]
[Result "1/2-1/2"]
[WhiteElo "1654"]
[BlackElo "1540"]
[PlyCount "129"]
[EventDate "2019.04.19"]
[EventRounds "7"]
[EventCountry "ENG"]

1. e4 e5 2. Nf3 d6 3. d4 Nc6 4. dxe5 Nxe5 5. Nxe5 dxe5 6. Qxd8+ Kxd8 7. Bc4 f6
8. Be3 Bd6 9. Nc3 Ne7 10. O-O-O Bd7 11. Rd2 Kc8 12. Rhd1 Rd8 13. Nb5 Bxb5 14.
Bxb5 a6 15. Ba4 b6 16. Bxb6 Rf8 17. Be3 f5 18. f3 fxe4 19. fxe4 Rb8 20. c3 Ng8
21. Bc6 Ne7 22. Ba4 Ng8 23. Bb3 Nf6 24. Rf2 Re8 25. Bd5 Ng4 26. Re2 h6 27. Bc6
Rf8 28. Ba7 Nxh2 29. Bxb8 Kxb8 30. Bd7 Nf1 31. Rde1 Ng3 32. Re3 Nh5 33. Bf5 Nf4
34. g3 Ng2 35. Kd2 Bc5 36. Rd3 Nxe1 37. Kxe1 Bd6 38. g4 Ka7 39. a3 Rb8 40. b4
a5 41. Kd2 Kb7 42. Kc2 axb4 43. cxb4 Be7 44. Rd7 Bf6 45. Kb3 Rd8 46. Rxd8 Bxd8
47. Kc4 Kb6 48. Kd5 Bf6 49. Bd7 Kb7 50. a4 Kb6 51. Bc6 Be7 52. a5+ Ka6 53. b5+
Kxa5 54. Kxe5 g6 55. Ke6 Bg5 56. Kd7 Kb6 57. e5 h5 58. gxh5 gxh5 59. e6 h4 60.
e7 Bxe7 61. Kxe7 h3 62. Kd7 h2 63. Bh1 Kxb5 64. Kxc7 Kc5 65. Ba8  1/2-1/2

[Event "1st 4NCL Easter Congress"]
[Site "Stevenage"]
[Date "2019.04.21"]
[Round "4"]
[Board "4"]
[White "Robinson, Brian"]
[Black "Ratnesan, Radha"]
[Result "1-0"]
[WhiteElo "1569"]
[BlackElo "1418"]
[PlyCount "61"]
[EventDate "2019.04.19"]
[EventRounds "7"]
[EventCountry "ENG"]

1. d4 Nf6 2. Nf3 e6 3. e3 d5 4. Bd3 c5 5. b3 b6 6. Bb2 Bb7 7. Ne5 Nbd7 8. f4
Nxe5 9. fxe5 Nd7 10. O-O Qg5 11. Qf3 Qe7 12. Nd2 g6 13. Rf2 Bg7 14. Raf1 O-O
15. Qg3 Rac8 16. Nf3 Bh6 17. Bc1 c4 18. bxc4 dxc4 19. Be2 b5 20. Qh3 Bg7 21.
Qg4 h6 22. Nd2 a5 23. Bf3 Ba6 24. Ne4 Rc7 25. Be2 b4 26. Nd6 f6 27. Qxg6 fxe5
28. Rf7 Rxf7 29. Rxf7 Qxf7 30. Qxf7+ Kh8 31. Ne8  1-0

[Event "1st 4NCL Easter Congress"]
[Site "Stevenage"]
[Date "2019.04.21"]
[Round "4"]
[Board "5"]
[White "Usharovsky, Tom"]
[Black "Lambton, David"]
[Result "1-0"]
[WhiteElo "1486"]
[BlackElo "1645"]
[PlyCount "117"]
[EventDate "2019.04.19"]
[EventRounds "7"]
[EventCountry "ENG"]

1. c4 c6 2. Nc3 d5 3. cxd5 cxd5 4. d4 Nf6 5. Bf4 Bf5 6. Nf3 Nc6 7. Nb5 Qa5+ 8.
Nc3 e6 9. a3 Be7 10. e3 a6 11. Bd3 Bxd3 12. Qxd3 Ne4 13. O-O Nxc3 14. Qxc3 Qxc3
15. bxc3 b5 16. Ne5 Nxe5 17. Bxe5 O-O 18. a4 bxa4 19. Rxa4 Rfc8 20. Rc1 f6 21.
Bg3 Kf7 22. h3 Rc6 23. Kf1 Bd8 24. Ke2 a5 25. Kd3 Rac8 26. Bh2 Rc4 27. Ra3 Ra8
28. Rb1 a4 29. Bd6 Kg6 30. Bb4 Rc6 31. Bc5 h5 32. Rb4 Rca6 33. Rb7 Kh6 34. Bf8
R6a7 35. Bxg7+ Kg6 36. Rxa7 Rxa7 37. Bf8 e5 38. Bd6 Kf5 39. Bc5 Ra6 40. c4 exd4
41. exd4 dxc4+ 42. Kxc4 Ke4 43. g3 Bc7 44. Re3+ Kf5 45. Ba3 Kg5 46. d5 f5 47.
Re6 Rxe6 48. dxe6 Bd8 49. e7 Bxe7 50. Bxe7+ Kg6 51. Kd5 f4 52. Ke5 fxg3 53.
fxg3 h4 54. Bxh4 a3 55. Bf6 a2 56. Ke6 Kh6 57. Ba1 Kg6 58. h4 Kh5 59. Kf5  1-0

[Event "1st 4NCL Easter Congress"]
[Site "Stevenage"]
[Date "2019.04.21"]
[Round "4"]
[Board "6"]
[White "Gill, Gursharanjit S"]
[Black "Pride, Stephen C"]
[Result "1/2-1/2"]
[WhiteElo "1520"]
[BlackElo "1610"]
[PlyCount "77"]
[EventDate "2019.04.19"]
[EventRounds "7"]
[EventCountry "ENG"]

1. c4 g5 2. Nc3 Bg7 3. g3 Nc6 4. Bg2 h6 5. e4 e5 6. Nge2 d6 7. d3 Be6 8. Rb1
Qd7 9. h3 Nf6 10. b4 Ke7 11. Nd5+ Bxd5 12. cxd5 Nd8 13. O-O a5 14. b5 b6 15. a4
Nb7 16. Re1 Kf8 17. Be3 Kg8 18. Rc1 Kh7 19. g4 Rac8 20. Ng3 Ng8 21. Qd2 Ne7 22.
Nh5 Ng6 23. d4 Rhe8 24. dxe5 Nxe5 25. Bd4 Nc5 26. Nxg7 Kxg7 27. Bxc5 dxc5 28.
f4 gxf4 29. Rf1 f3 30. Bxf3 Nxf3+ 31. Rxf3 Rxe4 32. Rcf1 Rf8 33. Rf6 Rh8 34.
Rxf7+ Qxf7 35. Rxf7+ Kxf7 36. Qf2+ Kg7 37. Qb2+ Kh7 38. Qf6 Rhe8 39. Qf7+
 1/2-1/2

[Event "1st 4NCL Easter Congress"]
[Site "Stevenage"]
[Date "2019.04.21"]
[Round "4"]
[Board "7"]
[White "Zhu, Feng"]
[Black "Ribbands, Patrick C"]
[Result "1/2-1/2"]
[WhiteElo "1433"]
[BlackElo "1683"]
[PlyCount "79"]
[EventDate "2019.04.19"]
[EventRounds "7"]
[EventCountry "ENG"]

1. d4 g6 2. Bf4 Bg7 3. Nc3 d6 4. e4 Nd7 5. Nf3 e5 6. dxe5 dxe5 7. Bg5 Ne7 8.
Qd2 h6 9. Be3 b6 10. O-O-O Bb7 11. Be2 Qc8 12. h4 h5 13. Nh2 Nf6 14. f3 O-O 15.
g4 Rd8 16. Qxd8+ Qxd8 17. Rxd8+ Rxd8 18. gxh5 Nxh5 19. Nf1 a6 20. Rg1 Nc6 21.
Ng3 Nxg3 22. Rxg3 Nd4 23. Bd1 Ne6 24. Rg1 Kh7 25. Be2 Bh6 26. Bxh6 Kxh6 27. Bc4
Rd6 28. a4 Kh5 29. Bxe6 Rxe6 30. Rg4 Bc8 31. Nd5 c5 32. Kd2 f5 33. exf5 Rd6 34.
c4 Bxf5 35. Rg1 Kxh4 36. Ke3 g5 37. Rh1+ Kg3 38. Rg1+ Kh4 39. Rh1+ Kg3 40. Rg1+
 1/2-1/2

[Event "1st 4NCL Easter Congress"]
[Site "Stevenage"]
[Date "2019.04.21"]
[Round "4"]
[Board "8"]
[White "Illingworth, John B"]
[Black "Royce, Anastasija"]
[Result "0-1"]
[WhiteElo "1621"]
[BlackElo "1158"]
[PlyCount "46"]
[EventDate "2019.04.19"]
[EventRounds "7"]
[EventCountry "ENG"]

1. Nf3 Nc6 2. d4 d5 3. g3 Bf5 4. c3 Nf6 5. Bg2 Nd7 6. Bf4 e6 7. Nbd2 Bd6 8. Nh4
Bxf4 9. Nxf5 Bxd2+ 10. Qxd2 exf5 11. Bxd5 O-O 12. h4 Nf6 13. Bg2 g6 14. O-O-O
Ne4 15. Bxe4 fxe4 16. h5 Re8 17. Rh2 e3 18. fxe3 Qg5 19. Qe1 Rxe3 20. Kb1 Qf5+
21. Kc1 Qe4 22. Rh4 Qg2 23. Qd2 Qxe2  0-1

[Event "1st 4NCL Easter Congress"]
[Site "Stevenage"]
[Date "2019.04.21"]
[Round "4"]
[Board "9"]
[White "Willow, Hambel M"]
[Black "Fisher, Neal"]
[Result "1-0"]
[WhiteElo "1531"]
[BlackElo "1473"]
[PlyCount "47"]
[EventDate "2019.04.19"]
[EventRounds "7"]
[EventCountry "ENG"]

1. d4 Nf6 2. c4 d6 3. Nf3 g6 4. Nc3 Bg7 5. Bg5 O-O 6. e3 c6 7. Qc2 Qc7 8. Bd3
Bg4 9. Nd2 Re8 10. O-O Na6 11. a3 Qc8 12. Rfe1 Nc7 13. Bxf6 Bxf6 14. Nde4 Bg7
15. Rac1 e5 16. Nxd6 Qd7 17. Nxe8 Rxe8 18. d5 cxd5 19. cxd5 Nxd5 20. Bb5 Qe6
21. Bxe8 Nxc3 22. Qxc3 Qxe8 23. Qb4 b6 24. Qxg4  1-0

[Event "1st 4NCL Easter Congress"]
[Site "Stevenage"]
[Date "2019.04.21"]
[Round "4"]
[Board "10"]
[White "Homer, Neil S"]
[Black "Pettit, Felicity Ol"]
[Result "1-0"]
[WhiteElo "1692"]
[BlackElo "1273"]
[PlyCount "65"]
[EventDate "2019.04.19"]
[EventRounds "7"]
[EventCountry "ENG"]

1. Nf3 c6 2. d4 d5 3. c4 Bf5 4. Nc3 Nf6 5. e3 e6 6. Nh4 Bg4 7. Qb3 Qc7 8. f3
Bh5 9. g4 Bg6 10. Nxg6 hxg6 11. g5 Ng8 12. Qc2 b6 13. Bd2 Bd6 14. f4 Ne7 15.
O-O-O O-O 16. Bd3 Nf5 17. Bxf5 gxf5 18. h4 g6 19. h5 a6 20. hxg6 fxg6 21. Rh6
Qg7 22. Rdh1 Nd7 23. Be1 Rfb8 24. Qh2 Nf8 25. Ne2 dxc4 26. Bc3 Re8 27. Ng1 Bc7
28. Nf3 e5 29. dxe5 Re6 30. Nd4 Ree8 31. Nxc6 Re6 32. Nd4 Ree8 33. e6  1-0

[Event "1st 4NCL Easter Congress"]
[Site "Stevenage"]
[Date "2019.04.21"]
[Round "4"]
[Board "11"]
[White "Jones, Zebedee"]
[Black "Ashworth, Steven M"]
[Result "0-1"]
[WhiteElo "1412"]
[BlackElo "1420"]
[PlyCount "42"]
[EventDate "2019.04.19"]
[EventRounds "7"]
[EventCountry "ENG"]

1. e4 Nf6 2. Nc3 e5 3. Nf3 Nc6 4. d4 exd4 5. Nxd4 Nxd4 6. Qxd4 b6 7. Be2 Bb7 8.
Be3 Bc5 9. Qd3 Qe7 10. Bxc5 Qxc5 11. f3 O-O-O 12. O-O-O Rhe8 13. Qd4 Qg5+ 14.
Kb1 d5 15. Qf2 dxe4 16. fxe4 Nxe4 17. Nxe4 Bxe4 18. Ba6+ Kb8 19. Qxf7 Qxg2 20.
Rxd8+ Rxd8 21. Rf1 Qxc2+  0-1

[Event "1st 4NCL Easter Congress"]
[Site "Stevenage"]
[Date "2019.04.21"]
[Round "4"]
[Board "12"]
[White "Volovich, Andrew"]
[Black "Webster, Vivien"]
[Result "0-1"]
[WhiteElo "1373"]
[BlackElo "1724"]
[PlyCount "176"]
[EventDate "2019.04.19"]
[EventRounds "7"]
[EventCountry "ENG"]

1. d4 f5 2. e4 fxe4 3. Nc3 Nf6 4. Bg5 d5 5. Bxf6 exf6 6. Qh5+ g6 7. Qxd5 Bd6 8.
Qxe4+ Kf7 9. Bc4+ Kg7 10. O-O-O Re8 11. Qd3 Bf5 12. Qd2 Nc6 13. Nf3 Na5 14. Bd3
Bg4 15. d5 b6 16. Ba6 Re7 17. a3 Rb8 18. b4 Nb7 19. Rde1 Bxf3 20. Rxe7+ Bxe7
21. gxf3 Nd6 22. Bd3 a5 23. b5 Nf7 24. Re1 Bxa3+ 25. Kd1 Bb4 26. Bc4 Ne5 27.
Be2 Qd6 28. Qe3 Bxc3 29. Qxc3 Qxd5+ 30. Kc1 Rc8 31. f4 Nf7 32. Bc4 Qf5 33. Qd2
Nd6 34. Be6 Qxb5 35. Bxc8 Nxc8 36. Qd8 Nd6 37. Qxc7+ Nf7 38. c4 Qb4 39. Re7
Qc3+ 40. Kd1 Qd3+ 41. Ke1 Qc3+ 42. Kf1 Qh3+ 43. Ke1 Qc3+ 44. Ke2 Qc2+ 45. Kf3
Qd1+ 46. Kg2 Qg4+ 47. Kf1 Qd1+ 48. Re1 Qd3+ 49. Kg2 Qf5 50. Kg3 h5 51. f3 g5
52. h4 g4 53. Qxb6 gxf3 54. Kxf3 Ne5+ 55. Ke2 Qg4+ 56. Kf1 Qxf4+ 57. Qf2 Qxf2+
58. Kxf2 Nd3+ 59. Ke2 Nxe1 60. c5 Kf7 61. Kxe1 Ke7 62. Kd2 Kd7 63. Kc3 Kc6 64.
Kc4 a4 65. Kb4 a3 66. Kxa3 Kxc5 67. Kb3 Kd4 68. Kc2 Ke3 69. Kd1 Kf2 70. Kd2 Kg3
71. Ke3 Kxh4 72. Kf4 f5 73. Kf3 Kg5 74. Kg3 f4+ 75. Kf3 h4 76. Kg2 Kg4 77. Kg1
Kg3 78. Kh1 Kf2 79. Kh2 Ke2 80. Kg2 f3+ 81. Kg1 f2+ 82. Kh2 h3 83. Kxh3 f1=Q+
84. Kh2 Qf4+ 85. Kh3 Qg5 86. Kh2 Kf3 87. Kh1 Kf2 88. Kh2 Qh4#  0-1

[Event "1st 4NCL Easter Congress"]
[Site "Stevenage"]
[Date "2019.04.21"]
[Round "4"]
[Board "13"]
[White "Duffell, Andrew"]
[Black "Sagar, Aneesh"]
[Result "1-0"]
[WhiteElo "1424"]
[BlackElo "1195"]
[PlyCount "103"]
[EventDate "2019.04.19"]
[EventRounds "7"]
[EventCountry "ENG"]

1. d4 d5 2. c4 e6 3. Nc3 Nf6 4. cxd5 exd5 5. Bg5 Be7 6. e3 O-O 7. Bd3 h6 8. Bh4
Na6 9. a3 c5 10. Bxa6 bxa6 11. Nge2 c4 12. O-O Be6 13. f3 Rb8 14. Qc2 Qd6 15.
Bg3 Qc6 16. Bxb8 Rxb8 17. Kh1 Bd8 18. Nf4 Bc7 19. Nxe6 Qxe6 20. e4 dxe4 21.
fxe4 Ng4 22. e5 Ne3 23. Qf2 Nxf1 24. Rxf1 Bb6 25. Qf4 Rd8 26. d5 Qg6 27. Qxc4
Kh7 28. d6 Qe6 29. Qxe6 fxe6 30. Ne2 Kg8 31. h4 Rf8 32. Rxf8+ Kxf8 33. g4 g5
34. h5 Ke8 35. Kg2 Kd7 36. Kf3 Kc6 37. Ke4 Kb5 38. Nd4+ Kc5 39. Nxe6+ Kc4 40.
d7 Kb3 41. d8=Q Bxd8 42. Nxd8 Kxb2 43. e6 Kxa3 44. e7 Kb3 45. e8=Q a5 46. Qb5+
Kc3 47. Qxa5+ Kc2 48. Kd4 Kc1 49. Kd3 Kb1 50. Qa3 a5 51. Kc3 a4 52. Qb2#  1-0

[Event "1st 4NCL Easter Congress"]
[Site "Stevenage"]
[Date "2019.04.21"]
[Round "5"]
[Board "1"]
[White "Tomlinson, Zak"]
[Black "Usharovsky, Ron"]
[Result "0-1"]
[WhiteElo "1660"]
[BlackElo "1609"]
[PlyCount "94"]
[EventDate "2019.04.19"]
[EventRounds "7"]
[EventCountry "ENG"]

1. e4 c6 2. d4 d5 3. e5 Bf5 4. Nf3 e6 5. Bd3 Bg6 6. a3 Nd7 7. Nc3 c5 8. dxc5
Bxc5 9. Bxg6 hxg6 10. b4 Bb6 11. Qd3 Ne7 12. Nb5 O-O 13. Ng5 Nf5 14. Qh3 Nh6
15. Bb2 Qxg5 16. O-O Qg4 17. Qd3 Qc4 18. Qxc4 dxc4 19. Nd6 Ng4 20. Nxc4 Rac8
21. Nxb6 Nxb6 22. h3 Rxc2 23. Bd4 Nh6 24. Rfc1 Rxc1+ 25. Rxc1 Rc8 26. Rxc8+
Nxc8 27. f4 Nf5 28. Bf2 Kf8 29. Kf1 Ke8 30. Ke2 Kd7 31. Kd3 Kc6 32. a4 Kd5 33.
b5 g5 34. g4 Nfe7 35. fxg5 Ng6 36. Ke3 Nxe5 37. Be1 Nb6 38. Bb4 Nxa4 39. Bf8 g6
40. Kf4 Nd7 41. Bg7 e5+ 42. Ke3 Ke6 43. h4 f6 44. h5 gxh5 45. gxh5 fxg5 46. h6
Kf7 47. Kd3 Kg6  0-1